| 000 | 00974nam a2200265Ia 4500 | ||
|---|---|---|---|
| 003 | OSt | ||
| 005 | 20221005103317.0 | ||
| 006 | a|||||r|||| 00| 0 | ||
| 007 | ta | ||
| 008 | 221004b |||||||| |||| 00| 0 hin d | ||
| 024 | _a107285 | ||
| 037 | _cTextual | ||
| 040 |
_aCRL _cCRL _bhin |
||
| 041 |
_2hin _ahin |
||
| 082 | _aO111,3NBA,AY, 1595P6 | ||
| 100 | _aबाली, योगेन्द्र | ||
| 245 | 0 |
_aपवन चामलिङ _b अटल योद्धा |
|
| 246 | _aPavan chāmalin: aṭal yoddhā | ||
| 260 |
_aगान्तोक _bक्वालिटी स्टोर्स भारत _c2006 |
||
| 300 |
_a336पृ0 _ccm. |
||
| 650 | _aअंग्रेजी साहित्य | ||
| 700 | _a सुवास दीपक, अनु. | ||
| 942 |
_hO111,3NBA,AY, 1595P6 _cTEXL _2cc |
||
| 999 |
_c1009817 _d1009817 |
||